Rain forest regeneration and management /

Secciones: Dibujando la escena, introducción. Revisiones temáticas. Estudios de caso. A manera de conclusiones.

Guardat en:
Dades bibliogràfiques
Autor principal: Gómez-Pompa, Arturo (ed.)
Altres autors: Hadley, Malcolm (edición) (edición), Withmore, Timothy Charles (edición) (edición)
Format: Llibre
Idioma:anglès
Publicat: París, Francia : Nueva York, EUA : UNESCO ; Parthenon, 1991, c1991
Col·lecció:(Man and the Biosphere ; 6)
Matèries:
Etiquetes: Afegir etiqueta
Sense etiquetes, Sigues el primer a etiquetar aquest registre!

MARC

LEADER 00000nam^a2200000^a^4500
001 000091991
005 20250521000000.0
009 20260310092706.278
020 |a 1-85070-261-6 
037 |a Acervo ITESO - Biblioteca 
041 |a ING 
082 |a 634. 90913  |b GOM 
100 |a Gómez-Pompa, Arturo  |e (ed.) 
245 1 0 |a Rain forest regeneration and management /  |c Ed. de A. Gómez-Pompa, M. Hadley, T.C. Withmore. 
264 4 |a París, Francia :  |b UNESCO ;  |a Nueva York, EUA :  |b Parthenon,  |c 1991, c1991 
300 |a 457 p. 
336 |a texto  |b txt  |2 rdacontenido 
337 |a sin mediación  |b n  |2 rdamedio 
338 |a volumen  |b nc  |2 rdasoporte 
440 1 |a (Man and the Biosphere ;  |v 6) 
520 |a Secciones: Dibujando la escena, introducción. Revisiones temáticas. Estudios de caso. A manera de conclusiones. 
649 |a XX 
650 |a Selvas 
650 |a Plantas Tropicales 
650 |a Reservas Ecológicas 
650 |a Bosques 
650 |a Botánica 
650 |a Ecosistemas 
650 |a Ecología 
650 |a Biología 
650 |a Recursos Naturales 
650 |a Desarrollo Sustentable 
650 |a Ingeniería Ambiental 
650 |a Conservación y Protección Ambiental 
700 |a Hadley, Malcolm  |e (edición) 
700 |a Withmore, Timothy Charles  |e (edición) 
910 |a Fondo General 
920 |a Impresos - Libros 
930 |a Colección General 
905 |a 101 
901 |a 0500026296  |b IT1  |c ACC  |u 20250521 
902 |a https://opac.biblio.iteso.mx/vufind/Record/000091991